Rodrigue de Villandrando (Record no. 162820)

MARC details
000 -LEADER
campo de control de longitud fija 00794nam a22001935i 4500
001 - NÚMERO DE CONTROL
campo de control 162820
003 - IDENTIFICADOR DE NÚMERO DE CONTROL
campo de control ES-MaACL
005 - FECHA Y HORA DE LA ÚLTIMA TRANSACCIÓN
campo de control 20250812063127.0
008 - DATOS DE LONGITUD FIJA--INFORMACIÓN GENERAL
campo de control de longitud fija 990122s1879 fr |||| | fre d
040 ## - FUENTE DE CATALOGACIÓN
Centro catalogador/agencia de origen CCPB | B
Lengua de catalogación spa
Centro/agencia transcriptor CCPB | B
100 1# - ENTRADA PRINCIPAL--NOMBRE DE PERSONA
Nombre de persona Quicherat, Jules-Étienne,
Fechas asociadas al nombre 1814-1882
9 (RLIN) 131518
245 10 - MENCIÓN DEL TÍTULO
Título Rodrigue de Villandrando
Resto del título : l'un des combattants pour l'indépendance française au quinzième siècle /
Mención de responsabilidad, etc. par J. Quicherat.
260 ## - PUBLICACIÓN, DISTRIBUCIÓN, ETC.
Lugar de publicación, distribución, etc. Paris :
Nombre del editor, distribuidor, etc. Librairie Hachette et Cie,
Fecha de publicación, distribución, etc. 1879 (
Fabricante Typographie A. Lahure)
300 ## - DESCRIPCIÓN FÍSICA
Extensión V, 356 p., [1] h. de lám. pleg. ;
Dimensiones 22 cm.
600 17 - PUNTO DE ACCESO ADICIONAL DE MATERIA--NOMBRE DE PERSONA
Nombre de persona Villandrando, Rodrigo de,
Fechas asociadas al nombre 1378?-1448
Fuente del encabezamiento o término
9 (RLIN) 157243
650 04 - PUNTO DE ACCESO ADICIONAL DE MATERIA--TÉRMINO DE MATERIA
Término de materia o nombre geográfico como elemento de entrada Guerra de los Cien Años, 1337-1453.
9 (RLIN) 13192
852 ## - LOCALIZACIÓN
Ubicación ES-MaACL
Número de control de estantería G-6086
Nota libre -- Rúst. deteriorada
Holdings
Estatus retirado Estado de pérdida Estado de daño No para préstamo Colección Biblioteca de origen Biblioteca actual Ubicación en estantería Fecha de adquisición Fuente de adquisición Total de préstamos Signatura topográfica completa Código de barras Visto por última vez Precio de reemplazo Tipo de ítem Koha
        Libros del s. XIX Biblioteca del Ateneo de Madrid Biblioteca del Ateneo de Madrid Depósito 2 17/01/2008     G-6086 1170590 23/02/2023 23/02/2023 Libro impreso antiguo